00642nam a22001697a 4500003000900000008004100009040007100050082001900121100002100140245002700161260003200188300003100220505017000251650003000421650001000451650001100461AR-CdUCM190312b ||||| |||| 00| 0 spa d aMUNICIPALIDAD PROVINCIAL DEL CUSCOcBIBLIOTECA MUNICIPAL DEL CUSCO a330.909 /bG59 aGoldschmied, Leo aHistoria de la banca / aMéxico : bUTEHA, c1961. a114 páginas ; c16.5 cm. aContenido: Antigüedad -- Edad Media -- Época moderna: siglos XVI y XVII -- Época moderna: siglo XVIII -- Época moderna: los bancos en los siglos XIX y XX ... aHistoria de la economía aBanca aBancos